000 00770nam a22001937a 4500
008 170811b xxu||||| |||| 00| 0 eng d
082 _22016
_aUT 0836
_bM29
100 _921977
_aMalnegro, Nina Angelika.
245 _aThe Growing Tree Preschool/
_cNina Angelika Malnegro, Mara Mitch Batomalaque, Lazar Ree Hernandez, Ritz Larren Bolo, Jonnar Juntilla and Niko Fuentes.
260 _aDigos City:
_bUMDC
_cOctober 2016.
300 _a37 pages;
_c29 cm.
650 0 _921979
_aBusiness Administration
_vMarketing Management
_xUndergraduate thesis.
700 _921980
_aBatomalaque, Mara Mitch.
700 _921981
_aHernandez, Lazar Ree.
700 _921982
_aBolo, Ritz Larren.
700 _921983
_aJuntilla, Jonnar.
700 _921984
_aFuentes, Niko.
942 _2ddc
_cUT
999 _c7251
_d7251